000 00396nam a2200157Ia 4500
008 210716s2010 xx 000 0 und d
020 _a9788179915998
041 _aeng
082 _a332.6 SHAA
100 _aShanbhag, A N;Shanbhag, Sandeep.
245 _aIn the wonderland of investment.
250 _a37
260 _aNew Delhi
_bPopular Prakashan
_c2010
300 _a351
650 _aNone
999 _c210679
_d210679